[Event "USA-ch"]
[Site "Seattle"]
[Date "2003.01.11"]
[Round "3"]
[White "Burnett, Ronald"]
[Black "Ivanov, Alexander"]
[Result "0-1"]
[WhiteElo "2436"]
[BlackElo "2520"]
[Annotator "Mikhalevski,V"]
[PlyCount "62"]
[EventDate "2003.01.09"]
[EventType "swiss"]
[EventRounds "9"]
[EventCountry "USA"]
[SourceTitle "CBM 093"]
[Source "ChessBase"]
[SourceDate "2003.04.01"]
[SourceVersion "1"]
[SourceVersionDate "2003.04.01"]
[SourceQuality "1"]

1. d4 Nf6 2. Bg5 (2. c4 d6 3. Nc3 Nbd7 4. e4 e5 5. d5 Be7 6. f3 Nh5 7. Be3 Bg5
(7... O-O {Ribli} 8. Qd2 g6 $5) 8. Bf2 $1 (8. Qd2 $6 {I prefer to keep the
dark-squared bishop.} Bxe3 9. Qxe3 g6 (9... O-O $5) 10. O-O-O f5 11. exf5 gxf5
12. Nge2 (12. g4 $5) 12... Ndf6 13. f4 O-O (13... Ng4 $5 14. Qg1 Nxf4) 14. h3
$1 $14 {0-1 Pelletier,Y-Conquest,S/Bern 1993/TD (26)}) 8... g6 (8... Bh4 $2 {
Ribli} 9. g3 $14) 9. h4 $1 (9. g3 {Ribli} Bh6 10. h4 (10. Bh3 {would transpose
into Burnett-Ivanov,USA-ch 2002}) 10... a5 11. Bh3 O-O 12. Nge2 b6 13. Qc2 $14
{1/2-1/2 Summermatter,D-Hickl,J/Chiasso 1991/EXT 99 (41)}) 9... Bh6 (9... Bf4 {
Ribli} 10. Nge2 $16 {[%csl Rf4][%cal Rg2g3]}) 10. Nge2 $14 {Hoffman-Sorin,1998
CBM 64[Ribli]}) 2... Ne4 3. Bf4 d6 {This Boleslavsky's move is a relatively
rare one. Black is trying to switch to King's Indian positions.} ({Much more
popular both} 3... c5 4. f3 Nf6 5. dxc5 (5. d5 $2 {Ftacnik} e6 6. c4 Nh5 $15)
5... Qa5+ 6. Nc3 Qxc5 7. e4 Nc6 8. Qd2) ({and} 3... d5 4. Nd2 Bf5 5. Ngf3 e6)
4. f3 Nf6 5. e4 Nbd7 ({In the origin game Black played} 5... g6 $5 {which is
the most popular in current position.} 6. Qd2 Nbd7 7. Bh6 $6 Bxh6 8. Qxh6 c5 $1
9. c3 Qb6 10. Qd2 cxd4 11. cxd4 e5 $1 {0-1 Kotov,A-Boleslavsky,I/Moscow 1945/
URS-ch/[Ftacnik] (29)}) 6. Be3 {White transposes to a King's Idian structure.
See 2.c4} (6. Nc3) 6... e5 7. d5 Be7 8. c4 Nh5 {[%cal Ge7g5]} 9. Nc3 ({In case
of} 9. Qd2 {Black can renew the idea of Bg5 with} h6 {[%cal Ge7g5]}) 9... Bg5
10. Bf2 (10. Qd2 $6 {Pelletier-Conquest,Bern 1993. See 2.c4}) 10... g6 11. g3 (
11. h4 {Hoffman-Sorin,1998 CBM 64[Ribli] See 2.c4}) 11... Bh6 12. Bh3 {Only
this move is new. The idea is to trade light-squared bishops.} ({In the only
preceding game where the board position was reached by a different moves order
White played} 12. h4 {1/2-1/2 Summermatter,D-Hickl,J/Chiasso 1991/EXT 99 (41)
See 2.c4}) 12... O-O 13. Qc2 {[%csl Gf5][%cal Gg1e2] Aimed against f5.} c6 {
[%cal Gd7b6]} (13... Ng7 {[%cal Gf7f5] was interesting with the idea to
prepare f5.} {For example} 14. Nge2 f5 15. O-O Nf6) 14. Nge2 ({It was
interesting to attack the d6-pawn with} 14. dxc6 bxc6 15. Rd1 {[%csl Rd6]} Ndf6
$5 (15... Qc7 16. Qd3 {[%csl Rd6]} Qb7 {[%cal Gb7b2]} 17. b3 $1) 16. Bxc8 Rxc8
17. Bc5 $5 {[%csl Rd6]}) 14... Nb6 {[%csl Rc4]} 15. Bxc8 Rxc8 16. b3 ({Again} 
16. dxc6 {deserved serious attention} bxc6 (16... Rxc6 17. b3 $14 {[%csl Rd5,
Rd6][%cal Ga1d1]}) 17. c5 $1 {creating weaknesses on the Queen side.} dxc5 18.
Bxc5 $14 {[%csl Ra7,Rc6]}) 16... cxd5 17. Bxb6 axb6 18. Nxd5 (18. exd5 $1 {
was necessary preventing counterplay on the queen side.}) 18... b5 {[%csl Rc4]
[%cal Gc8c2]} 19. O-O ({It was logical to unpin the c-pawn.} 19. Qd3 $5 bxc4
20. bxc4 Qa5+ $140 21. Nec3 {[%csl Rb7,Rc8,Rg8][%cal Gd5e7,Ga1b1]}) 19... bxc4
20. b4 $2 {Not forced pawn sacrifice.} ({After simple} 20. bxc4 b5 21. Rfb1 $1
bxc4 (21... Rxc4 22. Qd3 $14 {[%csl Gd5]}) 22. Rb4 {[%csl Rc4,Gd5] White can't
be worse.}) 20... Ng7 $15 {[%cal Gg7e6,Ge6d4]} (20... f5 $5) 21. a4 Ne6 22.
Nec3 $6 {White could wait with giving up the d4-square.} (22. Rad1 $5) 22...
Nd4 23. Qa2 (23. Qg2 $5 {[%csl Gf3] The Queen woould be better on g2 where she
covers the f3-square.} f5 24. a5) 23... f5 24. Kg2 Kh8 $1 {Black doesn't
forget about prophylaxis.} 25. a5 {[%cal Gd5b6]} Qg5 {[%cal Gg5h5]} 26. Rad1 $1
({White could try to win the c4-pawn back with} 26. Nb6 {but it seems that
after} Rc7 27. b5 $5 {[%cal Gc3d5,Ga5a6]} (27. Ncd5 Rcf7 (27... Rc6 $5 28. Nxc4
Rfc8 29. Ndb6 R8c7) 28. Nxc4 fxe4 29. fxe4 Qg4 $1 {[%csl Re4]} 30. Rxf7 (30.
Rfe1 Nf3 $1 31. Re2 $140 Ng5 $1 {[%csl Rg2][%cal Gg4h3]}) (30. Nxd6 Rxf1 31.
Rxf1 Rxf1 32. Kxf1 Qd1+ 33. Kg2 Qf3+ 34. Kh3 Ne6 $1 $19 {[%cal Ge6g5] This is
the key-move. White is defenseless against Ng5.}) 30... Rxf7 {[%csl Re4]} 31.
Re1 Nf3 $19) 27... fxe4 28. fxe4 (28. Nxe4 $5 Qh5 29. Nd5 Nxf3 30. h3 Rcf7 31.
Qxc4 Ng5 32. Nxg5 Qxg5 {[%csl Rg2]}) 28... Rcf7 $1 {Black's attack is very
strong. For example:} 29. Rxf7 Rxf7 30. a6 $5 bxa6 31. bxa6 Qg4 $3 32. a7 (32.
Nbd5 $142 $1 Qf3+ 33. Kh3 Qh5+ $1 (33... Ne6 $2 34. Qe2 $1 {and White holds
the position.}) 34. Kg2 Nf3 {[%csl Rh2]} 35. h4 (35. Rh1 Bd2 $1 {[%cal Gf3e1,
Gf3g5]} 36. Qxc4 (36. a7 Ng5 $3 {[%cal Gh5f3,Gh5h3] again allowing to queen
with a check} 37. a8=Q+ Kg7 {and again white is helpless.}) 36... Ne1+ 37. Rxe1
Qf3+ 38. Kh3 Bxe1 $19)) 32... Qf3+ 33. Kh3 Ne6 $3 {[%cal Ge6g5] allowing to
queen with a check} 34. a8=Q+ Kg7 {and White can't stop Ng5+}) 26... Qh5 $1 {
[%csl Rf3]} 27. Nb6 $2 ({It was interesting to try to repeat the position with
} 27. Ne7 Rce8 (27... Rc7 28. Ncd5) 28. Ned5 {[%csl Rc4][%cal Ga2c4] and it's
not easy to find continuation of attack}) 27... Rc7 {[%cal Gc7f7]} 28. exf5 ({
In case of} 28. Nbd5 {Black brings the rook into attack} Rcf7 {[%cal Gf5e4]}
29. Qxc4 fxe4 30. f4 $1 (30. fxe4 Nf3 $1 31. h3 Nd2 $19 {[%csl Rc4,Rf1]}) 30...
g5 $1 $40 31. Nxe4 $140 (31. fxg5 Nf3 $1 $19) 31... gxf4 32. Nxd6 f3+ 33. Kh1
Rd7 $19) 28... Qxf5 29. Ncd5 $6 ({White should try} 29. Nbd5 $5 Rcf7 30. f4 (
30. Qxc4 Nxf3 {[%cal Gf3d2]} 31. Qe2 Qg4 {[%cal Gf7f5,Gf5h5]}) {but after
correct} 30... Qc8 $1 {[%csl Gc4] White is still in trouble.}) 29... Rcf7 30.
Nxc4 $2 ({It was necessary to look for escape after} 30. Qxc4 Nxf3 31. h3 $1 {
[%cal Gc4g4]}) 30... Nxf3 31. Nxd6 $4 {One-move blunder in a difficult
position.} ({Also other moves couldn't help. For example} 31. h3 Nh4+ $1 32.
Kh2 (32. gxh4 Qe4+ $1 33. Kg1 Rxf1+ 34. Rxf1 Rxf1+ 35. Kxf1 Qh1+ $1 36. Kf2
Qh2+ {[%csl Ra2,Rf2]}) 32... Qxf1 $1 33. Rxf1 Rxf1 {[%csl Ra2,Rh2][%cal Gf8f2]
and White can't stop Rf2+}) ({Probably the best chance was} 31. Qe2 Qh5 $1 {
[%csl Re2,Rh2][%cal Gf3h4,Gh5h2]} 32. Kh1 Nxh2 $1 33. Qxh5 Rxf1+ 34. Rxf1 Rxf1+
35. Kxh2 gxh5 {and Black has to win.}) (31. Nf4 {loses to} Nh4+ $1 32. Kg1 Bxf4
33. Qe2 (33. Rxf4 exf4 34. Nxd6 Rd7 $1 {[%csl Rd1]} 35. Nxf5 Rxd1+ 36. Kf2
fxg3+ 37. hxg3 Nxf5 $19) (33. gxf4 Qg4+ 34. Kh1 Rxf4 {[%csl Rc4,Rd1,Rf1]} 35.
Ne3 Rxf1+ 36. Rxf1 Qe4+ {[%csl Re3,Rh1]}) 33... Be3+ $3 {Beautiful tactical
blow.} 34. Nxe3 (34. Qxe3 Qxf1+ 35. Rxf1 Rxf1#) 34... Nf3+ 35. Kg2 $140 Qe4 $1
$19 {[%csl Re2,Rg2][%cal Gf3g5,Gg5h3,Gf3d4]}) 31... Nh4+ $1 {[%csl Rf1] Simple
but nice tactical blow.} (31... Nh4+ $1 32. gxh4 Qg4+ 33. Kh1 Rxf1+) 0-1

[Event "SUI-chT"]
[Site "Switzerland"]
[Date "2003.06.22"]
[Round "5.2"]
[White "Siegel, Georg"]
[Black "Milov, Vadim"]
[Result "0-1"]
[WhiteElo "2442"]
[BlackElo "2585"]
[Annotator "Milov,V"]
[PlyCount "34"]
[EventDate "2003.03.23"]
[EventType "team-tourn"]
[EventRounds "9"]
[EventCountry "SUI"]
[SourceTitle "CBM 095"]
[Source "ChessBase"]
[SourceDate "2003.07.25"]
[SourceVersion "1"]
[SourceVersionDate "2003.07.25"]
[SourceQuality "1"]
[WhiteTeam "Riehen"]
[BlackTeam "Biel"]
[WhiteTeamCountry "SUI"]
[BlackTeamCountry "SUI"]

1. e4 d6 2. d4 g6 3. c3 Bg7 4. f4 Nf6 5. Bd3 e5 6. Nf3 Bg4 7. O-O O-O 8. Qb3
Bxf3 9. Rxf3 exd4 10. Qxb7 (10. cxd4 Nc6 11. Qxb7 (11. Be3 Ng4) 11... Nxd4 12.
Rf1 Re8 13. Nc3 c6 14. Qa6 Qb6 15. Qxb6 axb6) 10... Nbd7 11. cxd4 (11. Qc6 Re8
12. Nd2 (12. cxd4 Ng4) 12... dxc3 13. bxc3 Re6 14. Qc4 c6) 11... Ng4 12. e5 (
12. Qb4 Rb8 13. Qa4 c5) 12... dxe5 (12... Qh4 13. h3 Qe1+ 14. Rf1 Qg3 15. hxg4
Qxd3 16. Qb3) 13. fxe5 (13. h3 e4 14. Qxe4 Re8 15. Qd5 Nde5) 13... Bxe5 (13...
Ndxe5 14. dxe5 Qd4+ 15. Kh1 Qxe5 16. g3 Qh5 (16... Rab8 17. Qe4 Qxe4 18. Bxe4
Rxb2 19. Nd2 Rxd2 20. Bxd2 Bxa1) 17. h4 Rab8 18. Qxa7 (18. Qc6 Ne5) 18... Ne5
19. Be2 Nxf3 20. Nd2 Qe5 21. Bxf3 Qxg3 22. Qg1 Qxh4+ 23. Qh2 Qxh2+ 24. Kxh2
Bxb2) 14. dxe5 Ndxe5 15. Rf4 (15. Qe4 Nxf3+ 16. gxf3 Re8) 15... Qxd3 16. Nc3 (
16. Qe4 Rfe8 (16... Qd6 17. Qd4 Qe6) 17. Qxd3 Nxd3 18. Rf1 Nxc1 19. Rxc1 Re2)
16... Rfe8 17. Qb5 (17. Qe4 Nf3+) 17... Nf3+ (17... Nf3+ 18. gxf3 Re1+ 19. Kg2
Qc2+) 0-1

[Event "Berlin East AdW 2nd"]
[Site "Berlin East"]
[Date "1985.09.11"]
[Round "10"]
[White "Moehring, Guenther"]
[Black "Hesse, Peter"]
[Result "0-1"]
[WhiteElo "2385"]
[BlackElo "2355"]
[Annotator "Moehring,G"]
[PlyCount "82"]
[EventDate "1985.09.01"]
[EventType "tourn"]
[EventRounds "11"]
[EventCountry "DDR"]
[EventCategory "4"]
[SourceTitle "EXT 2006"]
[Source "ChessBase"]
[SourceDate "2005.11.24"]
[SourceVersion "1"]
[SourceVersionDate "2005.11.24"]
[SourceQuality "1"]

1. e4 d6 2. d4 Nf6 3. Nc3 e5 4. dxe5 dxe5 5. Qxd8+ Kxd8 6. Bc4 Bb4 7. Bxf7 Rf8
8. Bb3 Nxe4 9. Nge2 Bf5 10. O-O c6 11. Nxe4 Bxe4 12. Bg5+ Kc7 13. Rad1 Nd7 14.
Nd4 Nc5 15. Be7 exd4 16. Rxd4 Nxb3 17. Rxb4 Nd2 18. Bxf8 Rxf8 19. Re1 Rd8 20.
f3 c5 21. Rbxe4 Nxe4 22. Rxe4 Rd2 23. Rc4 Kd6 24. a4 b6 25. b3 Kd5 26. Kf1 (26.
f4 a6 27. f5 b5 28. axb5 axb5 29. Rg4 {/\c4} Rxc2 30. Rxg7 Rb2 $15) (26. Rg4 $1
{/\c4} Rxc2 27. Rxg7 Rb2 28. Rxh7 Rxb3 29. h4 Kd6 $1 (29... c4 30. Rc7 $16) 30.
Rg7 $14) 26... a6 27. Rg4 Rxc2 28. Rxg7 Rb2 29. Rd7+ Ke5 30. Rd3 b5 31. axb5
axb5 32. h4 c4 33. bxc4 bxc4 34. Ra3 Kd4 35. Ra8 c3 36. Rd8+ Ke3 37. Re8+ Kd3
38. Rd8+ Ke3 39. Re8+ Kd3 40. Rd8+ Kc4 41. Rc8+ Kb3 0-1

[Event "EU-ch 19th"]
[Site "Batumi"]
[Date "2018.03.28"]
[Round "11"]
[White "Alekseev, Evgeny V"]
[Black "Mamedov, Rauf"]
[Result "0-1"]
[WhiteElo "2617"]
[BlackElo "2709"]
[Annotator "Mokal,P"]
[PlyCount "72"]
[EventDate "2018.03.17"]
[EventType "swiss"]
[EventRounds "11"]
[EventCountry "GEO"]
[SourceTitle "CBM 184"]
[Source "ChessBase"]
[SourceDate "2018.05.16"]
[SourceVersion "1"]
[SourceVersionDate "2018.05.16"]
[SourceQuality "1"]

1. e4 g6 2. d4 Bg7 3. Nf3 d6 4. Bd3 Nf6 5. O-O O-O 6. Re1 c6 ({A couple of top
level games with the shorter time control saw} 6... Nc6 7. d5 Nb8 8. h3 (8. c4
Bg4 $5) 8... c6 (8... Nbd7 9. c4 Nc5 10. Bc2 a5 11. Nc3 e5 12. Bg5 Qe8 13. Nb5
Qe7 14. b3 Kh8 15. a3 Na6 16. b4 $16 {1-0 (46) Grischuk,A (2750)-Carlsen,M 
(2832) chess.com INT 2017}) 9. c4 a5 10. Nc3 Na6 11. Be3 Nd7 12. Rc1 Ndc5 13.
Bb1 $16 {1-0 (77) Grischuk,A (2782)-Caruana,F (2799) Saint Louis 2017}) 7. h3
Nbd7 8. c3 {A safe way of dealing with the Pirc Modern, but not a very
ambitious and powerful one.} e5 9. Be3 Qc7 10. Nbd2 b6 11. a4 Bb7 12. dxe5 (12.
Qc2 Rfe8 (12... d5 $5) 13. a5 Rad8 $6 14. axb6 axb6 15. Ra7 Qb8 16. Rea1 $16 {
1-0 (31) Frois,A (2341)-Movsziszian,K (2528) Mondariz 2002}) 12... dxe5 13. Qc2
Nh5 {[%cal Gh5f4] A typical manoeuvre in such structures.} (13... c5 14. Nc4 (
14. a5 $5) 14... a6 15. Rad1 b5 $132 {0-1 (34) Hnara,M-Tzouganakis,P (2095)
Chania 2010}) 14. Red1 ({If White stops ...Nf4 with} 14. g3 {then he weakens
the a8-h1 diagonal potentially:} c5 {[%cal Gf7f5,Gb7h1]} 15. Bc4 (15. Nc4 f5
$132) 15... Nf4 $5 $132 (15... Kh8 {[%cal Gf7f5]} 16. Ng5)) 14... Nf4 15. Bf1
Rad8 16. b4 (16. g3 c5 $132 (16... Ne6 $5)) ({It would have been a good idea
to play} 16. a5 $5 {quickly and create targets on the queenside:} c5 17. axb6
axb6 18. Qb3 $14) 16... c5 17. b5 Nf6 18. a5 Rd7 19. Re1 (19. axb6 axb6 20. Ra7
$2 Bxe4) 19... Rfd8 20. axb6 axb6 21. Bxf4 {The right moment.} (21. g3 Nd3 $132
(21... Ne6 22. Ra2)) 21... exf4 22. e5 Nd5 ({The passive move} 22... Ne8 {
keeps the knight out of the way of other pieces but leaves a nice diagonal
open for the white bishop:} 23. Bc4 (23. Nc4 Re7 24. Be2 (24. Nfd2 Bxe5) 24...
f6 $132) 23... Re7 (23... Bd5 $6 24. Bxd5 Rxd5 25. Nc4 $16 {[%cal Ga1a6]}) 24.
Ra7 Qb8 (24... Ra8 25. Rxa8 Bxa8 26. Qa2 $14) 25. Qa2 $14) 23. Nc4 Qb8 24. Rad1
(24. Qb3 $5 Nc7 (24... Kh8 25. Rad1 $16 {[%cal Gc4d6]}) 25. Nxb6 Re7 26. Ng5
Ne6 (26... h6 $2 27. Nxf7 Rxf7 28. Bc4 $18) 27. Nxe6 Rxe6 28. Nc4 $14) 24...
Nc7 {[%csl Re5][%cal Gd5c7,Gc7b5,Gc7e6,Gb7f3]} (24... Ba8 $142 $5 {[%cal Gb8b6]
} 25. Ng5 $14) 25. Rxd7 (25. Nd6 $2 Bxf3 26. gxf3 Bxe5 $17) 25... Rxd7 26. Nxb6
Re7 27. Na4 (27. Nd2 $5 {[%cal Gd2c4]} Bxg2 (27... Bxe5 28. Rxe5 Rxe5 29. Nd7
$18) (27... Rxe5 28. Nd7 $18) 28. Kxg2 (28. Bxg2 Qxb6 {[%csl Gb5]} 29. Rb1 $14
{[%cal Gd2c4]} (29. c4 Rxe5)) 28... Qxb6 29. Nf3 $14) 27... Ne6 (27... Bxf3 28.
gxf3 Bxe5 29. Nxc5 $16) 28. Qd1 Bxf3 29. Qxf3 Bxe5 30. b6 Ng5 31. Qd5 ({
The queen could also have done a good job on the other side of the black pawn,
where it would discourage any sacrifices and at the same time threaten h4-h5,
for example} 31. Qg4 {[%cal Gg4g5]} Kg7 (31... f3 32. g3 h6 33. h4 f5 34. Qc4+
Nf7 35. Re3 $18) 32. h4 Ne6 33. h5 f5 34. h6+ Kf6 (34... Kf7 35. Qf3 $18) 35.
Qh4+ $16) 31... f3 32. Kh1 (32. Rd1 $142 {[%cal Gd5d8]} Bh2+ (32... Re8 33.
Nxc5 (33. h4 Bh2+ 34. Kh1 Ne4) 33... Qxb6 34. h4) 33. Kh1 $16 Ne4 34. Qd8+ Kg7
35. Qxb8 Bxb8 36. Rd8 $16) ({Interesting complications follow after} 32. g3 Bd4
$1 (32... Bxg3 33. Rxe7 $18) 33. Rxe7 (33. cxd4 Rxe1 (33... Nxh3+ 34. Bxh3
Rxe1+ 35. Kh2) 34. Qxg5 (34. b7 Nxh3+ 35. Kh2 Nxf2 36. Qd7 Rxf1 37. Qc8+ Kg7
38. Qxb8 Rh1#) 34... Qc8 $1 {[%cal Gc8h3,Gc8a6]} ({Initially I thought that} 
34... Qe8 $5 {is winning but after} 35. Qd2 $1 (35. Nc3 Qe2 36. Nxe2 fxe2 37.
Qd8+ Kg7 $19 {[%cal Ge2f1]}) (35. b7 Rxf1+ 36. Kxf1 Qe2+ 37. Kg1 Qe1+ 38. Kh2
Qxf2+ 39. Kh1 Qg2#) 35... Qe2 {the machine showed a very interesting fortress}
36. Qxe1 Qxe1 37. b7 Qb4 38. Nxc5 f5 39. d5 Kf7 40. d6 $11) 35. b7 (35. Qg4 Qa6
$19) 35... Qxb7 $19 {[%cal Gb7b1]} (35... Qxh3 36. b8=Q+)) 33... Qxg3+ 34. Kh1
Qxf2 (34... Bxf2 35. Re8+ Kg7 36. Qe5+ $18) 35. Qxg5 (35. cxd4 Qxf1+ 36. Kh2
Qg2#) 35... Qxf1+ 36. Kh2 Qf2+ $11) 32... Qe8 33. Nxc5 Bd6 34. Rxe7 Qxe7 {
[%csl Gf4][%cal Gf4f3]} 35. b7 $2 {Probably time pressure?} ({He had to play
the prophylactic} 35. Nd3 $142 $16) 35... Qe1 36. Kg1 $2 (36. Qd3 $142 Qxf2 37.
b8=Q+ Bxb8 38. Qd8+ Kg7 39. Qd4+ Qxd4 40. cxd4 fxg2+ (40... f2 41. g4 $15 {
[%cal Gh1g2]}) 41. Bxg2 $15) 36... Nxh3+ (36... Nxh3+ 37. gxh3 Bh2+ 38. Kxh2
Qxf2+ 39. Kh1 Qxf1+ 40. Kh2 Qg2#) 0-1

[Event "Wichern op 4th"]
[Site "Hamburg"]
[Date "1997.??.??"]
[Round "7"]
[White "Movsesian, Sergei"]
[Black "Ftacnik, Lubomir"]
[Result "1-0"]
[WhiteElo "2555"]
[BlackElo "2585"]
[Annotator "Movsesian,S"]
[PlyCount "73"]
[EventDate "1997.10.??"]
[EventType "swiss"]
[EventRounds "9"]
[EventCountry "GER"]
[SourceTitle "EXT 1998"]
[Source "ChessBase"]
[SourceDate "1997.11.17"]
[SourceVersion "1"]
[SourceVersionDate "1997.11.17"]
[SourceQuality "1"]

1. e4 d6 2. d4 Nf6 3. Nc3 g6 4. Be3 c6 5. h3 $5 Nbd7 6. f4 e5 7. Qf3 Qa5 8. Bd3
Bg7 9. dxe5 dxe5 10. f5 gxf5 $6 (10... b5 11. g4 b4 12. Nd1 gxf5 13. gxf5 Nc5
14. Ne2 Nxd3+ 15. cxd3 Ba6 16. Nc1 Bf8 17. Nf2 Rg8 18. Nb3 Qb5 19. O-O-O $16 {
Sveshnikov-Komljenovic/Torcy/1991/}) 11. Qxf5 b5 (11... O-O 12. Qf2 $1 {
/\ Ng1-e2-g3 ><f5}) 12. Nge2 b4 13. Nb1 $1 Nb6 14. Qf2 Na4 15. O-O Be6 (15...
Nxb2 $2 16. Bg5 $18) 16. b3 Nb2 17. Ng3 Nxd3 18. cxd3 Qb5 (18... Rd8) 19. Nd2
Rd8 (19... Qxd3 20. Nc4 $1 Bxc4 (20... Rd8 21. Bc5 $1) 21. Rfd1 Nxe4 22. Qf3 $1
$16) 20. Bg5 Rg8 21. Nf5 Bh8 22. Qxa7 (22. Nc4 $1 Qb8 (22... Bxc4 23. dxc4 Qb7
24. Qh4 Rg6 25. c5 $40) 23. Qh4 Rg6 24. Nfe3 Ke7 25. Rxf6 $18) 22... Bxf5 23.
Rxf5 Rd7 24. Qf2 Rxg5 (24... Qxd3 $142 25. Bxf6 (25. Rxe5+ $6 Kf8 26. Bh6+ (26.
Qc5+ Qd6 27. Qxd6+ Rxd6 28. Nc4 Nd5 $1 {Ftacnik}) 26... Bg7 27. Qxf6 Qxd2 $1
28. Ra5 $18 {Fritz}) 25... Bxf6 26. Nc4 $36 Be7 27. Nxe5 $6 Qc3 $44) 25. Rxg5
Qxd3 26. Rxe5+ Kf8 27. Qc5+ Kg8 (27... Qd6 28. Qxd6+ Rxd6 29. Nc4 $18) 28. Rg5+
Bg7 29. e5 Nd5 30. Qf2 Ne7 31. Nc4 Ng6 32. Re1 Re7 33. h4 h6 34. Rg3 Qd5 35. h5
Nxe5 36. Ne3 Qc5 37. Rxg7+ 1-0

[Event "Petrov Memorial op"]
[Site "St Petersburg"]
[Date "1996.??.??"]
[Round "8"]
[White "Aleksandrov, Aleksej"]
[Black "Poluljahov, Aleksandr"]
[Result "1-0"]
[WhiteElo "2535"]
[BlackElo "2480"]
[Annotator "Mowsziszian,K"]
[PlyCount "44"]
[EventDate "1996.02.??"]
[EventType "swiss"]
[EventRounds "9"]
[EventCountry "RUS"]
[SourceTitle "CBM 052"]
[Source "ChessBase"]
[SourceDate "1996.06.01"]
[SourceVersion "1"]
[SourceVersionDate "1996.06.01"]
[SourceQuality "1"]

1. d4 d6 2. e4 Nf6 3. Nc3 g6 4. h3 c6 5. Be3 Bg7 6. g4 h5 $5 (6... b5 7. Bg2 (
7. g5 Nfd7 8. Nf3 Bb7 9. a3 a6 10. h4 Nb6 11. h5 N8d7 12. h6 Bf8 13. d5 c5 14.
Bh3 Nc4 15. Bc1 Qa5 16. Nd2 Nxd2 17. Bxd2 Qc7 18. Ne2 $16 {1-0 Thomas,I-McNab,
C/BCF-ch ;TD 87\02 1987 (40)}) 7... Bb7 8. Qd2 Qc7 9. a3 Nbd7 10. Nge2 Nb6 11.
b3 a6 12. O-O $14 {1-0 Callet,E-Gallego,E/Paris op (04) ;EXT 93op 1993 (61)})
7. g5 Nfd7 8. f4 O-O 9. Nf3 c5 10. Qd2 $2 (10. d5 $5) 10... cxd4 11. Bxd4 Bxd4
$2 (11... e5 $1 $15) 12. Nxd4 Nc6 13. O-O-O Nb6 14. Rg1 Bd7 15. Nb3 Rc8 16. Bd3
$6 (16. Be2 $5 {/\f4-f5,Bh5.g5-g6->} Bxh3 17. Bxh5 gxh5 18. Qh2 Qd7 (18... Bg4
19. Rxg4 hxg4 20. Rh1 Kg7 21. Qh6+ Kg8 22. Qh8#) 19. f5 Bxf5 20. Nc5 $1 Qc7 21.
exf5 dxc5 22. Qxh5 Qf4+ 23. Kb1 Rfd8 24. Rh1 Rxd1+ 25. Nxd1 Qd4 26. f6 $18)
16... Bxh3 17. f5 $6 (17. Qh2 $142 Be6 (17... Bg4 $2 18. Rxg4 $1) 18. Be2 Kg7 (
18... Nb4 $16 19. Bxh5 $1 $16) 19. f5 Bxb3 20. axb3 Ne5 21. Rdf1 $44) 17... Bg4
$2 (17... Ne5 $1 18. Be2 Nbc4 $15) 18. Rxg4 $1 hxg4 19. Qh2 {/\Rh1,Qh8#} g3 (
19... Kg7 20. Qh6+ Kg8 21. Rh1 $18) (19... e6 20. f6 $18) 20. Qh6 g2 21. fxg6
fxg6 22. Qxg6+ Kh8 (22... Kh8 23. e5 Rf7 24. Qxf7 $18) 1-0

[Event "Olympiad-37"]
[Site "Turin"]
[Date "2006.06.02"]
[Round "11"]
[White "Mas, Hafizulhelmi"]
[Black "Valdes Romero, Leonardo"]
[Result "1-0"]
[WhiteElo "2412"]
[BlackElo "2374"]
[Annotator "Mueller,Karsten"]
[PlyCount "139"]
[EventDate "2006.05.21"]
[EventType "team-swiss"]
[EventRounds "13"]
[EventCountry "ITA"]
[SourceTitle "CBM 113"]
[Source "ChessBase"]
[SourceDate "2006.07.31"]
[SourceVersion "1"]
[SourceVersionDate "2006.07.31"]
[SourceQuality "1"]
[WhiteTeam "Malaysia"]
[BlackTeam "Costa Rica"]
[WhiteTeamCountry "MAS"]
[BlackTeamCountry "CRI"]

1. e4 d6 2. d4 Nf6 3. Nc3 g6 4. Bg5 c6 5. Qd2 b5 6. e5 dxe5 7. dxe5 Qxd2+ 8.
Bxd2 Nfd7 9. f4 Nc5 10. Be3 Nbd7 11. Nf3 Bb7 12. g3 Bh6 13. Bg2 b4 14. Nd1 O-O
15. Nd4 Rfc8 16. h4 a5 17. h5 Bg7 18. hxg6 hxg6 19. Nf2 a4 20. O-O-O Rab8 21.
e6 fxe6 22. Nxe6 Nxe6 23. Rxd7 Nf8 24. Rxe7 Bf6 25. Rxb7 Rxb7 26. Ng4 Bg7 27.
Bf1 Re8 28. Ba6 Rf7 29. Bc5 a3 30. b3 Bb2+ 31. Kb1 Rh7 32. Bc4+ Kh8 33. Rf1 Bc3
34. Ne5 Nd7 35. Bd6 Nxe5 36. fxe5 Rh5 37. Bf7 Rhxe5 38. Bxe8 Rxe8 39. Rf8+ Rxf8
40. Bxf8 Kg8 41. Bc5 Kf7 42. Kc1 Ke6 43. Kd1 Kf5 44. Ke2 Kg4 45. Bd6 g5 46. Kf2
Bd4+ 47. Kg2 Bc3 48. Bc5 Bd2 49. Bd4 Be1 50. Bf6 Bc3 51. Bxc3 bxc3 52. b4 Kf5
53. Kf3 {[%tqu "En","Can Black still hang on?","","","g5g4","",0,"f5e5","",4,
"De","Kann sich Schwarz noch halten?","","","g5g4","",0,"f5e5","",4]} g4+ $2 {
and Black spoils his own counterplay on the kingside. damit verbaut sich
Schwarz selbst sein Gegenspiel am Königsflügel.} (53... Ke5 54. Ke3 Kf5 $11)
54. Ke3 Ke5 55. Kd3 Kd5 56. Kxc3 Ke4 57. Kd2 Kf3 58. c4 Kxg3 59. b5 cxb5 60.
cxb5 Kf2 61. b6 g3 62. b7 g2 63. b8=Q g1=Q 64. Qb6+ Kg2 65. Qxg1+ Kxg1 66. Kc3
Kf2 67. Kb3 Ke3 68. Kxa3 Ke4 69. Kb4 Ke5 70. Kc5 1-0